| 000 | 00926cam a2200313 a 4500 | ||
|---|---|---|---|
| 001 | 12331845 | ||
| 003 | OSt | ||
| 005 | 20161018194756.0 | ||
| 008 | 010301r20011999enk b 001 0 eng | ||
| 010 | _a 2001274375 | ||
| 015 | _aGBA1-10178 | ||
| 020 | _a0192893300 | ||
| 035 | _a(OCoLC)ocm45854372 | ||
| 040 |
_aUKM _cUKM _dDLC |
||
| 042 | _alccopycat | ||
| 043 | _ad------ | ||
| 050 | 0 | 0 |
_aJC585 _b.S473 2001 |
| 082 | 0 | 0 |
_a338.9 _221 _bSEN 1999 |
| 100 | 1 |
_aSen, Amartya, _d1933- _97750 |
|
| 245 | 1 | 0 | _aDevelopment as Freedom |
| 260 |
_bOxford University Press, _c2001. |
||
| 300 |
_axvi, 366 p. ; _c20 cm. |
||
| 504 | _aIncludes bibliographical references and index. | ||
| 650 | 0 |
_aEconomic development _97751 |
|
| 650 | 0 |
_aSocial development _91753 |
|
| 856 | 4 | 1 |
_3Table of contents _uhttp://www.loc.gov/catdir/toc/fy02/2001274375.html |
| 906 |
_a7 _bcbc _ccopycat _d2 _encip _f20 _gy-gencatlg |
||
| 942 |
_2ddc _cSLOAN |
||
| 999 |
_c3469 _d3469 |
||